The joy of sets : fundamentals of contemporary set theory /

Guardado en:
Autor Principal: Devlin, Keith J.
Formato: Libro
Idioma:English
Publicado: New York : Springer-Verlag, c1993.
Edición:2nd ed.
Series:Undergraduate texts in mathematics
Materias:
Etiquetas: Agregar Etiqueta
Sin Etiquetas, Sea el primero en etiquetar este registro!
LEADER 00937cam a2200265 a 4500
001 MAT.inmabb004052
008 930510s1993####nyua#####b####001#0#eng##
005 20130404113050.0
245 1 4 |a The joy of sets :  |b fundamentals of contemporary set theory /  |c Keith Devlin. 
250 |a 2nd ed. 
260 |a New York :  |b Springer-Verlag,  |c c1993. 
300 |a x, 192 p. :  |b il. ;  |c 24 cm. 
440 0 |a Undergraduate texts in mathematics 
500 |a Ed. rev. de: Fundamentals of contemporary set theory. c1979. 
504 |a Incluye referencias bibliográficas (p. 185) e índice. 
510 4 |a MR,  |c 94e:03001 
020 |a 3540940944 (Alemania) 
020 |a 0387940944 (USA) 
100 1 |a Devlin, Keith J. 
700 1 |a Devlin, Keith J.  |t Fundamentals of contemporary set theory. 
650 0 |a Set theory. 
084 |a 03-01 (03Exx)  |2 msc2000 
010 |a  93004692  
040 |a DLC  |c DLC  |d DLC 
859 |h 03  |i D497-2  |p A-8396  |b BIB. MATEMATICA